New bars & restaurants / (Registro nro. 10263)

Detalles MARC
000 -LEADER
campo de control de longitud fija 02659cam a22004334i 4500
003 - IDENTIFICADOR DE NÚMERO DE CONTROL
campo de control PE-LiUPU
005 - FECHA Y HORA DE LA ÚLTIMA TRANSACCIÓN
campo de control 20250731183349.0
008 - DATOS DE LONGITUD FIJA--INFORMACIÓN GENERAL
campo de control de longitud fija 040713s2004 nyua 000 0 eng
020 ## - NÚMERO INTERNACIONAL ESTÁNDAR DEL LIBRO
Número Internacional Estándar del Libro 0060747951
Información calificativa (hardcover)
020 ## - NÚMERO INTERNACIONAL ESTÁNDAR DEL LIBRO
Número Internacional Estándar del Libro 9780060747954
Información calificativa (hardcover)
035 ## - NÚMERO DE CONTROL DEL SISTEMA
Número de control de sistema (Sirsi) i9780060747954
040 ## - FUENTE DE CATALOGACIÓN
Centro catalogador/agencia de origen DLC
Lengua de catalogación spa
Centro/agencia transcriptor DLC
Centro/agencia modificador YDX
-- UKM
-- BAKER
-- IG#
-- MUQ
-- BTCTA
-- YDXCP
-- OCLCG
-- SINLB
-- DEBBG
-- OCLCQ
-- OMB
-- TULIB
-- OCLCF
-- OCLCO
-- OCLCQ
-- PE-LiUPU
049 ## - FONDOS LOCALES (OCLC)
Biblioteca depositaria PRUA
082 04 - NÚMERO DE LA CLASIFICACIÓN DECIMAL DEWEY
Número de clasificación 725.71
Cutter S29
Número de edición 20
100 1# - ENTRADA PRINCIPAL--NOMBRE DE PERSONA
Nombre de persona Schuster, Cristina del Valle,
Fechas asociadas al nombre 1979-,
Término indicativo de función/relación autor.
245 10 - MENCIÓN DEL TÍTULO
Título New bars & restaurants /
Mención de responsabilidad, etc. Cristina del Valle.
246 30 - FORMA VARIANTE DEL TITULO
Título propio/Titulo breve New bars and restaurants.
264 ## - PRODUCCIÓN, PUBLICACIÓN, DISTRIBUCIÓN, FABRICACIÓN Y COPYRIGHT
Producción, publicación, distribución, fabricación y copyright New York, NY :
Nombre del de productor, editor, distribuidor, fabricante Harper Design,
Fecha de producción, publicación, distribución, fabricación o copyright 2004.
300 ## - DESCRIPCIÓN FÍSICA
Extensión 329 páginas :
Otras características físicas ilustraciones ;
Dimensiones 30 centímetros.
336 ## - TIPO DE CONTENIDO
-- ext
Fuente rdacontent
337 ## - TIPO DE MEDIO
-- nmediated
Fuente rdamedia
338 ## - TIPO DE SOPORTE
-- olume
Fuente rdacarrier
505 0# - NOTA DE CONTENIDO CON FORMATO
Nota de contenido con formato Europe : United Kingdom : Cinnamon Club ; Elysium ; Sketch ; Silka ; Chintamani ; Plateau -- Norway : New Café in the National Gallery -- Finland : Helsinki Club ; Memphis Vaakuna -- France : Kong ; Andy Wahloo ; Bon 2 ; Happy Bar -- Netherlands Supperclubcruise -- Switzerland : Strozzi's Piu ; Le Chlösterli -- Spain : Hotel AC Pamplona ; El Noti ; Neri ; Dodoclub ; Naturalment.e ; Can Fabes ; Calle 54 ; tab.00 -- Italy : Una Hotel Vittoria ; Aleph ; 747 Bar -- America : Canada : Bymark ; Blowfish Restaurant -- United States : Avalon ; Sonotheque ; Falcon ; Chop't ; Tizi Melloul ; LIT ; Patina ; Café Sambal and Azul ; Mantra ; Soho House ; Mod ; Mix in New York ; SushisambaRio ; NoMI -- Mexico : Le Cirque -- Peru : Bar Tubo ; Asia de Cuba -- Asia : Japan : Roppongi Hills Club ; J-Pop Café Odaiba -- China : Emporio Armani Caffè -- Thailand : Bed Supperclub -- Australia : Icebergs.
526 ## - NOTA DE INFORMACIÓN SOBRE EL PROGRAMA DE ESTUDIO
Nombre del programa Maestría Bim Facility Management (A distancia)
526 ## - NOTA DE INFORMACIÓN SOBRE EL PROGRAMA DE ESTUDIO
Nombre del programa
526 ## - NOTA DE INFORMACIÓN SOBRE EL PROGRAMA DE ESTUDIO
Nombre del programa Educación musical y artes
526 ## - NOTA DE INFORMACIÓN SOBRE EL PROGRAMA DE ESTUDIO
Nombre del programa Educación, especialidad educación física
526 ## - NOTA DE INFORMACIÓN SOBRE EL PROGRAMA DE ESTUDIO
Nombre del programa Arquitectura
541 ## - NOTA DE FUENTE DE ADQUISICIÓN DIRECTA
-- 003-001197;
596 ## -
-- 1
650 14 - PUNTO DE ACCESO ADICIONAL DE MATERIA--TÉRMINO DE MATERIA
Término de materia o nombre geográfico como elemento de entrada Bares (Establecimientos de bebidas).
650 14 - PUNTO DE ACCESO ADICIONAL DE MATERIA--TÉRMINO DE MATERIA
Término de materia o nombre geográfico como elemento de entrada Restaurantes.
856 41 - LOCALIZACIÓN Y ACCESO ELECTRÓNICOS
Materiales especificados Table of contents
Identificador Uniforme de Recursos <a href="http://catdir.loc.gov/catdir/toc/ecip0420/2004016244.html">http://catdir.loc.gov/catdir/toc/ecip0420/2004016244.html</a>
856 41 - LOCALIZACIÓN Y ACCESO ELECTRÓNICOS
Materiales especificados Table of contents
Identificador Uniforme de Recursos <a href="http://catdir.loc.gov/catdir/toc/ecip0420/2004016244.html">http://catdir.loc.gov/catdir/toc/ecip0420/2004016244.html</a>
942 ## - ELEMENTOS DE ENTRADA SECUNDARIOS (KOHA)
Fuente del sistema de clasificación o colocación Clasificación Decimal Dewey
Tipo de ítem Koha
949 ## - PROCESAMIENTO DE INFORMACIÓN LOCAL (OCLC)
a 725.71 S29
w DEWEY
c 1
i 73958
l CCODEBUL1
m BUL
p 18.01
r 0
s Y
t BOOK
u 2016-6-28
x INGENIERIA
-- P06
0 COMPRA
o .STAFF. Colección General
994 ## -
-- C0
-- PEPRU
999 ## - NÚMEROS DE CONTROL DE SISTEMA (KOHA)
-- DEWEY
-- 73958
-- 2021-11-10
-- 7
-- CCODEBUL1
-- BUL
-- 18.01
-- 0
-- Y
-- BOOK
-- 2016-6-28
-- INGENIERIA
-- P06
-- COMPRA
-- .STAFF. Colección General
980 ## - EQUIVALENCIA O REFERENCIA-CRUZADA-MENCIÓN DE SERIE--NOMBRE DE PERSONA/TÍTULO [LOCAL, CANADÁ]
ID del último usuario que modificó el registro 1
Nombre del último usuario que modificó el registro ALBERTO SANCHEZ Responsable de Automatización
Existencias
Visto por última vez Número de inventario Total de préstamos Signatura topográfica completa Código de barras Copia número Coste, precio de reemplazo Fecha de reemplazo Facultad Tipo de ítem Koha Nota pública Estado de pérdida Fuente del sistema de clasificación o colocación Restricciones de uso No para préstamo Colección Programa académico Biblioteca de origen Biblioteca actual Ubicación en estantería Fecha de adquisición Fuente de adquisición Coste, precio normal de compra
2025-12-03 8   725.71 S29 73958 e1 23.01 2016-06-28 FIA Libros físicos inventario-2023-12-13 No Perdido Clasificación Decimal Dewey No restringido Disponible para préstamos Colección General Arquitectura Biblioteca CRAI UPeU Lima Biblioteca CRAI UPeU Lima Sala principal 2016-06-28 COMPRA 18.01